| 000 -LEADER |
| fixed length control field |
00562cam a22002171i 4500 |
| 001 - CONTROL NUMBER |
| control field |
8815272 |
| 005 - DATE AND TIME OF LATEST TRANSACTION |
| control field |
20180302054210.0 |
| 008 - FIXED-LENGTH DATA ELEMENTS--GENERAL INFORMATION |
| fixed length control field |
770823s1947 nyua 001 0 eng |
| 010 ## - LIBRARY OF CONGRESS CONTROL NUMBER |
| LC control number |
47004486 |
| 035 ## - SYSTEM CONTROL NUMBER |
| System control number |
(OCoLC)3212755 |
| 040 ## - CATALOGING SOURCE |
| Original cataloging agency |
DLC |
| Transcribing agency |
DNIE |
| Modifying agency |
DLC |
| 041 ## - LANGUAGE CODE |
| Language code of text/sound track or separate title |
eng |
| 080 ## - UNIVERSAL DECIMAL CLASSIFICATION NUMBER |
| Universal Decimal Classification number |
573 |
| 082 ## - DEWEY DECIMAL CLASSIFICATION NUMBER |
| Edition number |
573 OTT |
| 100 1# - Rafti |
| Rafti |
11 |
| 101 ## - Shkurtesa |
| Shkurtesa |
BIO |
| 245 10 - TITLE STATEMENT |
| Title |
Modern biology / |
| Statement of responsibility, etc |
Truman J. Moon, Paul B. Mann, James H. Otto. |
| 504 ## - BIBLIOGRAPHY, ETC. NOTE |
| Bibliography, etc |
Includes index and bibliographies. |
| 906 ## - LOCAL DATA ELEMENT F, LDF (RLIN) |
| a |
7 |
| b |
cbc |
| c |
oclcrpl |
| d |
u |
| e |
ncip |
| f |
19 |
| g |
y-gencatlg |
| 942 ## - ADDED ENTRY ELEMENTS (KOHA) |
| Source of classification or shelving scheme |
|
| Item type |
Books |